000 00760cam a2200265 4500500
005 20260419001350.0
041 _afre
042 _adc
100 1 0 _aRamadier, Mathilde
_eauthor
245 0 0 _aLe travail hybride ou la promesse de l’ubiquité
260 _c2025.
500 _a22
690 _aAgilité
690 _aEnvironnement de travail
690 _aMobilité
690 _aOrganisation
690 _aRessources humaines
690 _aTélétravail
690 _aTravail
690 _aTravail hybride
690 _aVie de bureau
690 _aVie pro / vie perso
786 0 _nPhilonomist | - | 3 | 2025-03-19 | p. 55-58
856 4 1 _uhttps://shs.cairn.info/magazine-philonomist-2025-3-page-55?lang=fr&redirect-ssocas=7080
999 _c2212775
_d2212775